• 首页
  • 本馆介绍
  • 公告通知
  • 最新文献
  • 馆藏检索
  • 电子资源
  • 读者导购
  • 参考咨询
  • 我的图书馆
  • 登录
  • 详细信息显示
  • 放入我的书架
  • 预约/预借图书
  • 作者相关作品
  • 分类相关作品
  • 丛书相关作品
  • 出版社相关作品

书目信息

  • 表格格式
  • 工作单格式
  • 卡片格式
题名:
向量心电图图谱
    
 
作者: 胡慧明 , 刘泽玺 译
分册:  
出版信息: 呼和浩特   内蒙古人民出版社  1978
页数: 201页
开本: 19cm
丛书名:
单 册:
中图分类: R540.4
科图分类:
主题词: 心向量图--图谱
电子资源:
ISBN:
000 00721nam0 2200253 45
001 0178001058
005 20060815091708.75
010    @dCNY2.30
091    @a14089.35
100    @a19950811d1978 em y0chiy0121 ea
101 1  @achi@ceng
102    @aCN@b150000
105    @ay z 000yy
200 10 @a向量心电图图谱@Axiang liang xin dian tu tu pu@f胡慧明,刘泽玺编
210    @a呼和浩特@c内蒙古人民出版社@d1978
215    @a201页@d19cm
300    @a国内发行
300    @a据美国Edward K.Chung所著的《Vectorcardiography》一书所译
606    @a心向量图@x图谱
690    @aR540.4@v3
701  0 @a胡慧明@Ahu hui ming@4译
701  0 @a刘泽玺@Aliu ze xi@4译
801  0 @aCN@bTSSF@c20060815
905    @a10447@dR540.4@e75
    
    向量心电图图谱/胡慧明,刘泽玺编.-呼和浩特:内蒙古人民出版社,1978
    201页;19cm
    国内发行.-据美国Edward K.Chung所著的《Vectorcardiography》一书所译
    
    ISBN :CNY2.30
    
●
相关链接 在E读中查询图书 在五车中查询图书 在当当中查询图书 在豆瓣中查询图书


正题名:向量心电图图谱     索取号:R540.4/75         预约/预借

序号 登录号 条形码 馆藏地/架位号 状态 备注
1 0458391   204583913   密集书库/ [索取号:R540.4/75] 在馆    
唐山师范学院图书馆 欢迎您!
大连网信软件有限公司© 版权所有